Machine drawing includes AutoCAD (Record no. 13900)
[ view plain ]
| 000 -LEADER | |
|---|---|
| fixed length control field | 00335nam a22001337a 4500 |
| 020 ## - INTERNATIONAL STANDARD BOOK NUMBER | |
| ISBN | 9780071072946 |
| 082 ## - DEWEY DECIMAL CLASSIFICATION NUMBER | |
| Classification number | 621.815 |
| Item number | AJE/MA |
| 100 ## - MAIN ENTRY--AUTHOR NAME | |
| Personal name | Ajeet Singh |
| 245 ## - TITLE STATEMENT | |
| Title | Machine drawing includes AutoCAD |
| 250 ## - EDITION STATEMENT | |
| Edition statement | 2nd |
| 260 ## - PUBLICATION, DISTRIBUTION, ETC. (IMPRINT) | |
| Place of publication | New Delhi |
| Name of publisher | Tata McGraw Hill Education Private Limited |
| Year of publication | c2012 |
| 300 ## - PHYSICAL DESCRIPTION | |
| Number of Pages | 663 |
| 942 ## - ADDED ENTRY ELEMENTS (KOHA) | |
| Koha item type | Books |
| Withdrawn status | Lost status | Damaged status | Collection code | Home library | Current library | Shelving location | Date acquired | Source of acquisition | Full call number | Accession Number | Koha item type | Cost, normal purchase price |
|---|---|---|---|---|---|---|---|---|---|---|---|---|
| Non-fiction | KAUAET | KAUAET | General Stacks | 30/03/2013 | Calicut Book Distributors | 621.815 AJE/MA | 23732 | Books | ||||
| KAUAET | KAUAET | General Stacks | 30/03/2013 | Aman Book Stall, Calicut | 621.815 AJE/MA | 24078 | Books | 395.00 |
